00835nab a22002057a 4500999001500000003000400015005001700019008004100036040000700077100003200084245008000116300001500196505014900211505007200360650002800432650001900460650003300479773010400512942001300616 c5826d5826OSt20260107122015.0190514b xxu||||| |||| 00| 0 spa d cPJ 96731aDumpe, María Laura 10aAlimentos de hijos mayores de edad con discapacidad /cMaría Laura Dumpe. ap. 104-107 aSumario: I. Introducción.— II. Naturaleza jurídica del deber alimentario y su fuente.— III. El derecho alimentario es un derecho humano. tSi te interesa el texto, comunicate a koha@justierradelfuego.gov.ar 09967aDERECHO DE FAMILIA 09968aALIMENTOS 091074aOBLIGACION ALIMENTARIA0 0284493222dBuenos Aires : AbeledoPerrot, 1989-tDerecho de familia. N° 118 - Marzo 2025z18511201 2udccANA